| 000 | 00791nam a22002777a 4500 | ||
|---|---|---|---|
| 008 | 130720b xxu||||| |||| 00| 0 eng d | ||
| 020 | _a81-203-1465-4 | ||
| 024 | _cAvailable | ||
| 037 | _cAvailable | ||
| 040 |
_aMBSTU LIBRARY _dMBSTU LIBRARY |
||
| 082 |
_222 _a005.7565 HAD |
||
| 100 | _aHansen, Gary W. | ||
| 110 | _aJames V Hansen. | ||
| 245 | _aDatabase management and design. | ||
| 250 | _a2nd | ||
| 260 |
_aNew Delhi _bPrentice Hall _c2005 |
||
| 300 |
_a26 cm. _bxxvi, 582 page _f5 _g26 cm. |
||
| 600 | _2Database management system. | ||
| 650 | _2Database management system. | ||
| 700 | _aHansen, Gary W. | ||
| 710 | _aJames V Hansen. | ||
| 270 |
_aNew Delhi _bNew Delhi _dIndia |
||
| 365 |
_b595.00 _d595.00 |
||
| 942 |
_2ddc _cBK |
||
| 999 |
_c573 _d573 |
||